Letras griegas - Estadísticas

Estadísticas generales
  • Esta prueba ha sido intentada 64 veces
  • La puntuación promedio es 15 de 24
Estadísticas de respuestas
Imagen Respuesta % Correcto
Omega
95%
Gamma
90%
Beta
88%
Pi
88%
Alfa
86%
Delta
83%
Epsilon
81%
Mu
81%
Lambda
74%
Phi
67%
Kappa
64%
Nu
62%
Sigma
62%
Theta
60%
Zeta
60%
Ro
55%
Tau
55%
Iota
52%
Omicron
52%
Psi
50%
Chi
43%
Eta
38%
Ipsilon
31%
Xi
21%
No se encontraron pruebas coincidentes
Distribución de puntuación
Porcentaje de gente con cada puntuación
Porcentaje por número respondido
Historial de tus puntuaciones
No has intentado esta prueba.